Патриотизм как социальный феномен: установки населения Северо-Востока России (Запись № 13717522)

Подробности
000 -МАРКЕР
контрольное поле 03079nam0a2200445 4500
001 - ИДЕНТИФИКАТОР ЗАПИСИ
контрольное поле RU\NLR\BIBL_A\022742077
005 - ИДЕНТИФИКАТОР ВЕРСИИ
контрольное поле 20260529165647.0
010 ## - МЕЖДУНАРОДНЫЙ СТАНДАРТНЫЙ НОМЕР КНИГИ (ISBN)
Номер (ISBN) 978-5-02-041570-6
Тираж 500
021 ## - НОМЕР ГОСУДАРСТВЕННОЙ РЕГИСТРАЦИИ
Код страны Российская Федерация
Номер КН-П-26-001598
Номер Листа государственной регистраци КН-П-26-0145
035 ## - ДРУГИЕ СИСТЕМНЫЕ НОМЕРА
Идентификатор записи (NLR Aleph) 022742077
100 ## - ДАННЫЕ ОБЩЕЙ ОБРАБОТКИ
Данные общей обработки 20260303d2025 k y0rusy50 ca
101 0# - ЯЗЫК РЕСУРСА
Язык текста, звукозаписи и т.д. русский
Язык резюме английский
102 ## - СТРАНА ПУБЛИКАЦИИ ИЛИ ПРОИЗВОДСТВА
Страна публикации Российская Федерация
105 ## - ПОЛЕ КОДИРОВАННЫХ ДАННЫХ: ТЕКСТОВЫЕ МАТЕРИАЛЫ, МОНОГРАФИЧЕСКИЕ
Кодированные данные о монографическом текстовом документе ab z 000yy
181 #0 - ПОЛЕ КОДИРОВАННЫХ ДАННЫХ: ВИД СОДЕРЖАНИЯ
Код вида содержания (ISBD) i3
Код характеристики содержания (ISBD) axxe
182 #0 - ПОЛЕ КОДИРОВАННЫХ ДАННЫХ: ТИП СРЕДСТВА
Код типа средства (ISBD) n - непосредственное
200 1# - ЗАГЛАВИЕ И СВЕДЕНИЯ ОБ ОТВЕТСТВЕННОСТИ
Основное заглавие Патриотизм как социальный феномен: установки населения Северо-Востока России
Сведения, относящиеся к заглавию монография
Первые сведения об ответственности О. В. Васильева, Е. Г. Маклашова, А. Е. Захарова [и др.]
Последующие сведения об ответственности ответственный редактор кандидат исторических наук В. Б. Игнатьева
-- Федеральный исследовательский центр "Якутский научный центр Сибирского отделения Российской академии наук", Институт гуманитарных исследований и проблем малочисленных народов Севера
203 ## - ВИД СОДЕРЖАНИЯ И ТИП СРЕДСТВА
Вид содержания Текст
Дополнительные сведения об издании визуальный
Тип средства непосредственный
210 ## - ПУБЛИКАЦИЯ, РАСПРОСТРАНЕНИЕ И ДР.
Место издания, распространения и т.д. Новосибирск
Имя издателя, распространителя и т. д. Наука
Дата издания, распространения и т.д. 2025
215 ## - ФИЗИЧЕСКАЯ ХАРАКТЕРИСТИКА
Специфическое обозначение материала и объем 225, [2] с.
Другие сведения о физической характеристике ил., карт.
Размеры 22
300 ## - ОБЩИЕ ПРИМЕЧАНИЯ
Текст примечания Авт. указаны на обороте тит. с.
300 ## - ОБЩИЕ ПРИМЕЧАНИЯ
Текст примечания В конце кн. авт.: Васильева О. В. - канд. полит. наук, Маклашова Е. Г. - д-р социол. наук, Захарова А. Е. - доц., канд. социол. наук [и др.]
300 ## - ОБЩИЕ ПРИМЕЧАНИЯ
Текст примечания На обл. в вых. дан.: Наука, 1727
320 ## - ПРИМЕЧАНИЯ О НАЛИЧИИ В ДОКУМЕНТЕ БИБЛИОГРАФИИ / УКАЗАТЕЛЯ
Текст примечания Библиогр.: с. 202-215
606 1# - НАИМЕНОВАНИЕ ТЕМЫ КАК ПРЕДМЕТ
Наименование темы Патриотизм
Географический подзаголовок Саха (Якутия), Республика
Тематический подзаголовок Социологические исследования
Код системы nlr_sh2
Идентификатор авторитетной/нормативной записи RU\NLR\AUTH\6601771328
606 1# - НАИМЕНОВАНИЕ ТЕМЫ КАК ПРЕДМЕТ
Наименование темы Патриотизм
Географический подзаголовок Чукотский автономный округ
Тематический подзаголовок Социологические исследования
Код системы nlr_sh2
Идентификатор авторитетной/нормативной записи RU\NLR\AUTH\6601771329
686 1# - ИНДЕКСЫ ДРУГИХ КЛАССИФИКАЦИЙ
Индекс С550.561
686 1# - ИНДЕКСЫ ДРУГИХ КЛАССИФИКАЦИЙ
Индекс Т3(2Р-4М-6Чу)0-72
686 1# - ИНДЕКСЫ ДРУГИХ КЛАССИФИКАЦИЙ
Индекс Т3(2Р-6Я)0-72
701 #1 - ИМЯ ЛИЦА - АЛЬТЕРНАТИВНАЯ ОТВЕТСТВЕННОСТЬ
Начальный элемент ввода Васильева
Часть имени, кроме начального элемента ввода О. В.
Дополнения к именам, кроме дат канд. полит. наук
Расширение инициалов личного имени Ольга Валерьевна
Идентификатор авторитетной/нормативной записи RU\NLR\AUTH\770206864
701 #1 - ИМЯ ЛИЦА - АЛЬТЕРНАТИВНАЯ ОТВЕТСТВЕННОСТЬ
Начальный элемент ввода Маклашова
Часть имени, кроме начального элемента ввода Е. Г.
Расширение инициалов личного имени Елена Гавриловна
Идентификатор авторитетной/нормативной записи RU\NLR\AUTH\770202917
701 #1 - ИМЯ ЛИЦА - АЛЬТЕРНАТИВНАЯ ОТВЕТСТВЕННОСТЬ
Начальный элемент ввода Захарова
Часть имени, кроме начального элемента ввода А. Е.
Дополнения к именам, кроме дат канд. социол. наук
Даты 1977-
Расширение инициалов личного имени Акулина Егоровна
Идентификатор авторитетной/нормативной записи RU\NLR\AUTH\770269547
702 #1 - ИМЯ ЛИЦА - ВТОРИЧНАЯ ОТВЕТСТВЕННОСТЬ
Начальный элемент ввода Игнатьева
Часть имени, кроме начального элемента ввода В. Б.
Даты 1963 -
Расширение инициалов личного имени Ванда Борисовна
Идентификатор авторитетной/нормативной записи RU\NLR\AUTH\7760947
Код отношения Редактор
712 02 - НАИМЕНОВАНИЕ ОРГАНИЗАЦИИ - ВТОРИЧНАЯ ОТВЕТСТВЕННОСТЬ
Начальный элемент ввода Институт гуманитарных исследований и проблем малочисленных народов Севера
Идентифицирующий признак Якутск
Идентификатор авторитетной/нормативной записи RU\NLR\AUTH\8810136103
Код отношения Прочие
942 ## - ДОПОЛНИТЕЛЬНЫЕ ЭЛЕМЕНТЫ ЗАПИСИ (АБИС)
Тип экземпляра АБИС Книга
980 ## - КОЛЛЕКЦИЯ
Название коллекции Национальная библиография

Нет доступных экземпляров.